000 00645nam a2200205Ia 4500
003 GCL
008 140319s9999 xx 000 0 ara d
040 _aGCL /
_cGCL
082 0 4 _aط
_b813.088
_bم ع
100 1 _aمحمد حسن ابودنيا
245 1 0 _aالكواكب 22 /
_cمحمد حسن ابودنيا
260 _a[S.N] :
_bدار الكتاب المصرى
490 _aعلوم جاء ذكرها فى القران الكريم
_v0
650 0 4 _aالاسلام والعلم
650 0 4 _aالعلوم
650 0 4 _aالدين والعلم
650 0 4 _aاطفال
650 0 4 _aالقصص العلمية
942 _2ddc
_cBK
999 _c56381
_d56381